00586nam a22001697a 450000500170000001000150001702000260003203500140005803700130007208200110008510000240009624500810012026000390020127000950024030000310033550000500036620191007155156.0 aENG-126613 a9789353282127c350.00 aEN-110145 bDBAD/PUB a658.85 aChaudhary, Prashant aSelling and negotiation skills :cby Somnath Debnathba pragmatic approach / aNew DelhibSAGE Publicationsc2019 aB1/1-1, Mohan Cooperative Industrial AreabMathura Road, New Delhie110044mwww.sagepub.in avarious paging.c24cm(pbk) aIncludes bibliographical references and index